Name Every Doubly Unique MLB Player Name in 2026 - Statistics

General Stats
  • This quiz has been taken 21 times
    3 since last reset
  • The average score is 3 of 59
Answer Stats
Answer % Correct
Shohei Ohtani
100%
Kazuma Okamoto
50%
Orion Kerkering
50%
PJ Poulin
50%
Sung-Mun Song
50%
Adael Amador
0%
Adley Rutschman
0%
Bennett Sousa
0%
Blade Tidwell
0%
Bryson Stott
0%
Caden Dana
0%
Ceddanne Rafaela
0%
Chadwick Tromp
0%
Codi Heuer
0%
DaShawn Keirsey
0%
Daylen Lile
0%
Dietrich Enns
0%
Drey Jameson
0%
Duncan Davitt
0%
Edouard Julien
0%
Heston Kjerstad
0%
Hurston Waldrep
0%
Isiah Kiner-Falefa
0%
Jac Caglianone
0%
Jalen Beeks
0%
Jameson Taillon
0%
Janson Junk
0%
Jayvien Sandridge
0%
Jazz Chisholm
0%
Jedixson Paez
0%
Jhonkensy Noel
0%
Jo Adell
0%
Jurickson Profar
0%
Kade Strowd
0%
Kai-Wei Teng
0%
Kenedy Corona
0%
Kodai Senga
0%
Lake Bachar
0%
Landen Roupp
0%
Lars Nootbaar
0%
Masataka Yoshida
0%
Mick Abel
0%
Nabil Crismatt
0%
Randal Grichuk
0%
Reiven Sanmartin
0%
Shay Whitcomb
0%
Shinnosuke Ogasawara
0%
Shota Imanaga
0%
Simeon Woods Richardson
0%
Tarik Skubal
0%
Tatsuya Imai
0%
Tomoyuki Sugano
0%
Valente Bellozo
0%
Vimael Machin
0%
Xander Bogaerts
0%
Yaramil Hiraldo
0%
Yohendrick Pinango
0%
Yosver Zulueta
0%
Yusei Kikuchi
0%
No matching quizzes found
Score Distribution
Percent of People with Each Score
Percentile by Number Answered
Your Score History
You have not taken this quiz since the last reset